YOUNG PANDAVAS THE SCHOOL FOR WARRIORS (Record no. 182666)

MARC details
000 -LEADER
fixed length control field 00568nam a22001937a 4500
005 - DATE AND TIME OF LATEST TRANSACTION
control field 20211201123320.0
010 ## - LCCN (DPL NO)
LC control number ENG-130151
020 ## - INTERNATIONAL STANDARD BOOK NUMBER
International Standard Book Number 978-93-88322-81-2
Terms of availability 199.00
035 ## - SYSTEM CONTROL NUMBER
System control number EN-113683
037 ## - SOURCE OF ACQUISITION
Source of stock number/acquisition DBAD/PUB
082 ## - DEWEY DECIMAL CLASSIFICATION NUMBER
Classification number S
100 ## - MAIN ENTRY--PERSONAL NAME
Personal name Arunachalam, Anupam.
245 ## - TITLE STATEMENT
Title YOUNG PANDAVAS THE SCHOOL FOR WARRIORS
Statement of responsibility, etc Anupam Arunachalam
250 ## - EDITION STATEMENT
Edition statement 2020
260 ## - PUBLICATION, DISTRIBUTION, ETC. (IMPRINT)
Place of publication, distribution, etc Gurugram
Name of publisher, distributor, etc Hachette Book Publishing India Pvt. Ltd
Date of publication, distribution, etc 2020
270 ## - ADDRESS
Address 4th & 5th Floors, Corporate Centre
City Gurugram
Postal code 122003
300 ## - PHYSICAL DESCRIPTION
Extent 123p.
Dimensions 20cm (hbk)
942 ## - ADDED ENTRY ELEMENTS (KOHA)
Source of classification or shelving scheme Dewey Decimal Classification
Item type English Books
Classification part S
Call number suffix VEN
Holdings
Withdrawn status Lost status Not for loan Collection code Home library Current library Date acquired Source of acquisition Cost, normal purchase price Full call number Barcode Copy number Cost, replacement price Koha item type
      Fiction Shahdara Branch Shahdara Branch 01/12/2021 DBAD/PUB 199.00 S VEN EN-113683 1 199.00 English Books

© Delhi Public Library
Hit Counter
free hit counter